[Event "Berlin"]
[Site "Berlin"]
[Date "1999.??.??"]
[Round "2"]
[White "Von Herman, Ulf"]
[Black "Velicka, Petr"]
[Result "0-1"]
[WhiteElo "2405"]
[BlackElo "2440"]

1.d4 Nf6 2.c4 e6 3.Nf3 c5 4.d5 exd5 5.cxd5 d6 6.Nc3 g6 7.Bg5 Bg7 8.e3 O-O
9.Nd2 h6 10.Bh4 Na6 11.Be2 Nc7 12.O-O Qd7 13.e4 b5 14.e5 Nfxd5 15.Nxd5 Nxd5
16.exd6 Qxd6 17.Bxb5 Bb7 18.Nc4 Qc7 19.Bg3 Nf4 20.Nd6 Be5 21.Nxb7 Qxb7 22.Bxf4 Bxf4
23.Bc4 Qxb2 24.Qg4 Qf6 25.Rab1 h5 26.Qf3 Bxh2+ 27.Kxh2 Qh4+ 28.Kg1 Qxc4 29.Rb7 Qxa2
30.Rc1 Rac8 31.Qc3 Qa6 32.Re7 Qb6 33.Rce1 c4 34.R1e3 a6 35.Rf3 Rc7 36.Re5 Rc5
37.Re7 Qd6 38.Ra7 Rd5 39.g3 Rd3 40.Rf6 Qxg3+  0-1

[Event "Berlin Tegel-B"]
[Site "Berlin"]
[Date "1999.??.??"]
[Round "2"]
[White "Jasnikowski, Zbigniew"]
[Black "Brustkern, Juergen"]
[Result "1/2-1/2"]
[WhiteElo "2405"]
[BlackElo "2285"]

1.d4 Nf6 2.Nf3 e6 3.c4 c5 4.d5 d6 5.Nc3 exd5 6.cxd5 g6 7.Bf4 a6 8.a4 Bg7
9.e4 O-O 10.Be2 Bg4 11.Nd2 Bxe2 12.Qxe2 Re8 13.O-O Nh5 14.Be3 Nd7 15.g4 Nhf6
16.f3 Ne5 17.h3 Qe7 18.a5 h6 19.f4 Ned7 20.Qf3 Rab8 21.Bf2 b5 22.axb6 Rxb6  1/2-1/2

[Event "Cannes"]
[Site "Cannes"]
[Date "1999.??.??"]
[Round "1"]
[White "Bes, Stephane"]
[Black "Basso, Fabrice"]
[Result "1-0"]
[WhiteElo "2183"]
[BlackElo "2125"]

1.d4 Nf6 2.Nf3 e6 3.c4 c5 4.d5 exd5 5.cxd5 d6 6.Nc3 g6 7.e4 Bg7 8.Bf4 O-O
9.Be2 a6 10.a4 Nh5 11.Be3 Bg4 12.h3 Bxf3 13.Bxf3 Nf6 14.Bf4 Qe7 15.O-O Nbd7
16.Re1 Ne5 17.Be2 h6 18.Qd2 g5 19.Bg3 Ng6 20.a5 Nd7 21.Rab1 Rac8 22.Na4 Rfe8
23.Bg4 Nge5 24.Bxe5 Bxe5 25.Bxd7 Qxd7 26.Nb6 Qe7 27.Nxc8 Rxc8 28.b3 Qf6 29.Re3 Qe7
30.Rf3 f6 31.Rc1 Qd7 32.Rf5 Kg7 33.h4 Rc7 34.Rc3 Bxc3 35.Qxc3 Qf7 36.hxg5 hxg5
37.Rxg5+ Kf8  1-0

[Event "Canovelles opA"]
[Site "Canovelles"]
[Date "1999.??.??"]
[Round "3"]
[White "Martin Capitan, F."]
[Black "Tort Cuesta, E."]
[Result "1-0"]
[WhiteElo "2235"]
[BlackElo "1985"]

1.d4 Nf6 2.Nf3 e6 3.c4 c5 4.d5 exd5 5.cxd5 d6 6.Nc3 g6 7.e4 Bg7 8.Bd3 a6
9.a4 O-O 10.O-O Re8 11.Nd2 Nbd7 12.f4 Qc7 13.Qb3 Nf8 14.Nc4 Bd7 15.a5 Bb5
16.Bd2 Bxc4 17.Qxc4 Ng4 18.Nd1 b5 19.axb6 Qxb6 20.h3 Bd4+ 21.Kh1 Nf6 22.Re1 N8d7
23.Bc3 Bxc3 24.bxc3 a5 25.g3 Qc7 26.Nf2 Nb6 27.Qb5 Nbd7 28.Reb1 Rec8 29.Bc4 Kf8
30.Kg2 Ke7 31.Kf3 Kd8 32.Qb7 Rcb8 33.Qxc7+ Kxc7 34.Rxb8 Kxb8 35.Bb5 Kc7 36.Bc6 Ra7
37.g4 Nb8 38.Bb5 Kd8 39.g5 Ne8 40.e5 dxe5 41.fxe5 Nc7 42.c4 Nxb5 43.cxb5 Nd7
44.Ke4 Nb6 45.Nd3 c4 46.Nc5 a4 47.d6 Kc8 48.Kd4 Ra5 49.Ra3 Rxb5 50.Nxa4 Nd7
51.Re3 Ra5 52.Nb2 Nb6 53.Nxc4 Ra4 54.Rc3 Kd7 55.Kd3 Nxc4 56.Rxc4 Ra3+ 57.Ke4 Rxh3
58.Rc7+ Ke8 59.Re7+ Kf8 60.Kd5 Rc3 61.Rc7 Rd3+ 62.Kc6 Rc3+ 63.Kd7 Re3 64.Rc8+ Kg7
65.Re8 Ra3 66.Ke7  1-0

[Event "Ceske Budejovice op"]
[Site "Ceske Budejovice"]
[Date "1999.??.??"]
[Round "2"]
[White "Kratochvil, Milos"]
[Black "Poloch, Petr"]
[Result "1/2-1/2"]
[WhiteElo "2130"]
[BlackElo "2330"]

1.d4 Nf6 2.c4 e6 3.Nf3 c5 4.d5 exd5 5.cxd5 d6 6.Nc3 g6 7.e4 Bg7 8.Be2 O-O
9.O-O Re8 10.Nd2 Nbd7 11.a4 Ne5 12.Qc2 g5 13.Nc4 Nxc4 14.Bxc4 Nd7 15.Ne2 a6
16.Ng3 Ne5 17.Be2 Rb8 18.f4 gxf4 19.Bxf4 Ng6 20.Bd2 Be5 21.Bc3 Qh4 22.Bxe5 Rxe5
23.Rae1 Bd7 24.Bd1 Rf8 25.b3 f5 26.exf5 Rxe1 27.Rxe1 Bxf5 28.Qd2 Ne5 29.Rf1 Bg6
30.Rxf8+ Kxf8 31.Qf2+ Kg8 32.Nf1 Qxf2+ 33.Kxf2 Be4 34.Ne3 Nd3+ 35.Kg3 Nb4
36.Bg4 Kf8 37.Be6 b5 38.axb5 axb5 39.Kf4 Bc2 40.Nxc2 Nxc2 41.Bf5 Nd4 42.Bxh7 Nxb3
43.h4 b4  1/2-1/2

[Event "Ceske Budejovice op"]
[Site "Ceske Budejovice"]
[Date "1999.??.??"]
[Round "7"]
[White "Vokac, Marek"]
[Black "Belaska, Premysl"]
[Result "1-0"]
[WhiteElo "2490"]
[BlackElo "2285"]

1.d4 Nf6 2.Nf3 c5 3.d5 e6 4.c4 exd5 5.cxd5 d6 6.Nc3 g6 7.Bg5 h6 8.Bh4 g5
9.Bg3 Nh5 10.Nd2 Nxg3 11.hxg3 a6 12.a4 Bf5 13.Nc4 Nd7 14.a5 b5 15.axb6 Nxb6
16.e4 Bd7 17.Ne3 a5 18.Bb5 Bg7 19.Bxd7+ Nxd7 20.Nf5 Be5 21.O-O Qb6 22.f4 Bf6
23.Nb5 Be7 24.Qa4 Rb8 25.Na3 Qxb2 26.Rab1 Rb4 27.Qxa5 Qd2 28.Nc4 Qc3 29.Ncxd6+ Bxd6
30.Nxd6+ Ke7 31.Nf5+ Ke8 32.Qc7  1-0

[Event "Cologne KSV-ch"]
[Site "Cologne"]
[Date "1999.??.??"]
[Round "2"]
[White "Freitag, F."]
[Black "May, M."]
[Result "0-1"]
[WhiteElo "1795"]
[BlackElo "1715"]

1.Nf3 Nf6 2.c4 e6 3.d4 c5 4.d5 exd5 5.cxd5 d6 6.Nc3 a6 7.a4 g6 8.Nd2 Bg7
9.e4 Nbd7 10.Nc4 Nb6 11.Ne3 O-O 12.a5 Nbd7 13.Nc4 b5 14.Nxd6 b4 15.Ne2 Ne5
16.Nxc8 Rxc8 17.Ng3 c4 18.Bf4 Qd6 19.Be3 Neg4 20.Bd4 Rfe8 21.f3 Ne5 22.Be2 h5
23.Nf1 Nxd5 24.Bxe5 Rxe5 25.exd5 Rxd5 26.Qc2 b3 27.Qc1 c3 28.Ng3 Bd4 29.Ne4 Qb4
30.Kf1 Rc6 31.Rb1 c2 32.Ra1 f5 33.Nf2 Ba7 34.Nd3 Rxd3 35.Bxd3 Qd4 36.Qd2 c1=Q+
37.Rxc1 Rxc1+  0-1

[Event "Cataluna-chT"]
[Site "ESP"]
[Date "1999.??.??"]
[Round "3"]
[White "Salgado Allaria, Carlos"]
[Black "Vehi Bach, Victor Manuel"]
[Result "1/2-1/2"]
[WhiteElo "2340"]
[BlackElo "2430"]

1.d4 Nf6 2.c4 e6 3.Nf3 c5 4.d5 d6 5.Nc3 exd5 6.cxd5 g6 7.e4 Bg4 8.Qa4+ Bd7
9.Qc2 Bg7 10.Bf4 Qe7 11.Be2 a6 12.a4 Bg4 13.Bxd6 Qxd6 14.e5 Qe7 15.exf6 Bxf6
16.Ne4 O-O 17.Nxf6+ Qxf6 18.O-O Nd7 19.Rfd1 b6 20.Ra3 Rfe8 21.d6 Re6 22.h3 Bxf3
23.Rxf3 Qh4 24.Bc4 Rf6 25.Rxf6 Qxf6 26.Qe4 Rd8 27.Qe7 Kg7 28.Bxf7 Ne5 29.Be6+ Qxe7
30.dxe7 Re8 31.Rd6 b5 32.a5 Rxe7 33.Rxa6 Nd3 34.Rb6 c4 35.a6 Kh6 36.Bd5 Nxb2
37.Rxb5 c3 38.Rc5 Re1+ 39.Kh2 Ra1 40.Bb7 Ra3 41.Rc7 Kg5 42.Bc8 Nd3 43.a7 Rxa7
44.Rxa7 c2 45.Rc7 c1=Q 46.Rxc1 Nxc1 47.Ba6 Nb3 48.Kg3 Nd4 49.h4+ Kf6 50.Bd3 h6
51.f4 g5 52.fxg5+ hxg5 53.h5 Ne6 54.h6 Nf4 55.Be4 Kf7 56.Kg4 Nxg2 57.Kxg5 Ne3  1/2-1/2

[Event "Gent op 22nd"]
[Site "Gent"]
[Date "1999.??.??"]
[Round "6"]
[White "Ikonnikov, Vyacheslav"]
[Black "Piceu, Tom"]
[Result "1-0"]
[WhiteElo "2550"]
[BlackElo "2260"]

1.d4 Nf6 2.Nf3 c5 3.d5 e6 4.c4 exd5 5.cxd5 d6 6.Nc3 g6 7.e4 Bg7 8.h3 O-O
9.Bd3 b5 10.O-O c4 11.Bc2 b4 12.Nb5 Ba6 13.Nbd4 Nfd7 14.Re1 Ne5 15.Nxe5 dxe5
16.Nf3 Nd7 17.b3 h6 18.a3 f5 19.axb4 Bb5 20.bxc4 Bxc4 21.Nd2 Bb5 22.Bb2 Qb6
23.Ba4 Bxa4 24.Qxa4 Nf6 25.exf5 Nxd5 26.Qb3 Rad8 27.b5 Kh8 28.Nc4 Qb7 29.Nxe5 Rxf5
30.Nxg6+ Kh7 31.Nh4 Nf4 32.Qc2 Rd3 33.Rad1 Nxh3+ 34.gxh3 Rg5+ 35.Kh2  1-0

[Event "Oberliga Ost B9899"]
[Site "GER"]
[Date "1999.??.??"]
[Round "?"]
[White "Roeschlau, Bernd"]
[Black "Koehler, Ronald"]
[Result "0-1"]
[WhiteElo "2290"]
[BlackElo "2245"]

1.d4 Nf6 2.c4 e6 3.Nc3 c5 4.d5 exd5 5.cxd5 d6 6.Nf3 g6 7.Bg5 h6 8.Bh4 g5
9.Bg3 Nh5 10.e3 Nxg3 11.hxg3 Bg7 12.Nd2 Qe7 13.Be2 O-O 14.g4 Nd7 15.Nf1 Rb8
16.Ng3 Nf6 17.a4 a6 18.a5 b5 19.axb6 Rxb6 20.O-O Rxb2 21.Bxa6 Bxg4 22.Qc1 Rfb8
23.Bd3 R2b3 24.Rb1 Nd7 25.Bh7+ Kh8 26.Nd1 Nf6 27.Rxb3 Rxb3 28.Bb1 Qb7 29.Bc2 Rb4
30.e4 Bxd1 31.Qxd1 Qe7 32.Qa1 Ng4 33.Qa8+ Qf8 34.Qc6 Ne5 35.Qa6 Ng6 36.Nf5 Be5
37.g3 Kh7 38.Kg2 Bg7 39.Nxd6 Rb2 40.Bd3 Ne5 41.Nf5 Qd8 42.Be2 g4 43.Rc1 Qg5
44.Rd1 Nf3 45.Bxf3 gxf3+ 46.Kxf3 Qh5+ 47.g4 Qh3+ 48.Ng3 Be5 49.Rd3 Bxg3 50.fxg3 Qf1+  0-1

[Event "Alfoeld Cup op"]
[Site "Hajduszoboszlo"]
[Date "1999.??.??"]
[Round "5"]
[White "Emodi, Barnabas"]
[Black "Szarvas, Peter"]
[Result "1/2-1/2"]
[WhiteElo "2435"]
[BlackElo "2165"]

1.d4 Nf6 2.c4 e6 3.Nf3 c5 4.d5 exd5 5.cxd5 d6 6.Nc3 g6 7.h3 Bg7 8.e4 O-O
9.Bd3 b5 10.Bxb5 Nxe4 11.Nxe4 Qa5+ 12.Nfd2 Qxb5 13.Nxd6 Qa6 14.N2c4 Nd7 15.O-O Nb6
16.Nxb6 Qxb6 17.Nxc8 Raxc8 18.Rb1 Rfd8 19.Bg5 Rd7 20.Qg4 Qb7 21.Rfd1 h5 22.Qf3 Bd4
23.Rd2 Qxd5 24.Qxd5 Rxd5 25.Be3 a5 26.Rbd1 Rb8 27.b3 a4 28.Rd3 axb3 29.axb3 Rb4
30.Kf1 Re5 31.Bd2 Rb7 32.b4 Rf5 33.f3 Bf6 34.g4 c4 35.gxf5 cxd3 36.fxg6 fxg6
37.Rb1 Bd8 38.Rb3 Rd7 39.b5 Bb6 40.Rc3 Rd5 41.Rb3  1/2-1/2

[Event "Hessen-ch int"]
[Site "Hessen"]
[Date "1999.??.??"]
[Round "9"]
[White "Schmitz, Manuela"]
[Black "Kreie, Guenther"]
[Result "1-0"]
[WhiteElo "2120"]
[BlackElo "1805"]

1.d4 Nf6 2.c4 e6 3.Nf3 c5 4.d5 exd5 5.cxd5 d6 6.Nc3 Bf5 7.Bg5 Be7 8.g3 h6
9.Bf4 b5 10.Nxb5 Qa5+ 11.Nc3 Nbd7 12.Nd2 Rb8 13.Nc4 Qc7 14.Bg2 Rb4 15.b3 Nb6
16.a3 Nxc4 17.axb4 Na3 18.Rxa3 cxb4 19.Nb5 Qc5 20.Ra5 O-O 21.Be3 Qc8 22.Qc1 Ng4
23.O-O Qd7 24.Qc7 Bd8 25.Qxd7 Bxd7 26.Rfa1 Nxe3 27.fxe3 Bb6 28.Nd4 Re8 29.Kf2 Rc8
30.Rxa7  1-0

[Event "HUN-chT9899"]
[Site "HUN"]
[Date "1999.??.??"]
[Round "?"]
[White "Sinkovics, Peter"]
[Black "Sziebert, Adam"]
[Result "1/2-1/2"]
[WhiteElo "2370"]
[BlackElo "2330"]

1.d4 Nf6 2.Nf3 c5 3.d5 e6 4.c4 exd5 5.cxd5 d6 6.Nc3 g6 7.e4 Bg7 8.h3 O-O
9.Bd3 b5 10.Nxb5 Nxe4 11.Bxe4 Re8 12.Ng5 Qa5+ 13.Nc3 Ba6 14.Kd2 Nd7 15.Qc2 f5
16.Bd3 c4 17.Be2 Bxc3+ 18.Qxc3 Qxd5+ 19.Ke1 Nc5 20.Be3 f4 21.Bxc5 Qxg5 22.Bd4 Qe7
23.Kf1 Qxe2+ 24.Kg1 Qd3 25.Kh2 Re2 26.Rhd1 Qxc3 27.Bxc3 Rxf2 28.Kg1 Re2 29.Rxd6 Bb7
30.Rd2 Rae8 31.Rf1 Rxd2 32.Bxd2 g5 33.Re1 Be4 34.Bc3 Kf7 35.Kf2 Kg6 36.Rd1 Bd3
37.Re1 Be4 38.Rd1 Bd3 39.Re1 Rxe1 40.Kxe1 Bf5 41.Kf2 Bd7 42.Bd4 a6 43.g4 Kf7
44.Kf3 h5 45.Bc3 hxg4+ 46.hxg4 Ba4 47.Ke2 Ke6 48.Bg7 Bb5 49.Kf2 a5 50.Bc3 a4
51.a3  1/2-1/2

[Event "HUN-chT29899"]
[Site "HUN"]
[Date "1999.??.??"]
[Round "?"]
[White "Peredy, Ferenc"]
[Black "Banhazi, Istvan"]
[Result "1/2-1/2"]
[WhiteElo "2470"]
[BlackElo "2170"]

1.d4 Nf6 2.Nf3 c5 3.d5 e6 4.c4 exd5 5.cxd5 d6 6.Nc3 g6 7.g3 Bg7 8.Bg2 O-O
9.Nd2 b6 10.Nc4 Ba6 11.Qb3 Bxc4 12.Qxc4 a6 13.O-O b5 14.Qh4 Nbd7 15.Bg5 Qa5
16.a3 b4 17.axb4 Qxb4 18.Qxb4 cxb4 19.Na4 Rfe8 20.e3 Ne4 21.Bxe4 Rxe4 22.Bf4 Bf8
23.b3 g5 24.Bxg5 Re5 25.Bf4 Rxd5 26.Rfc1 Rd3 27.Rab1 Nc5 28.Nxc5 dxc5 29.e4 Re8
30.Be3 Rxe4 31.Bxc5 Bxc5  1/2-1/2

[Event "HUN-chT9899"]
[Site "HUN"]
[Date "1999.??.??"]
[Round "?"]
[White "Krizsany, Laszlo"]
[Black "Anka, Emil"]
[Result "1/2-1/2"]
[WhiteElo "2410"]
[BlackElo "2420"]

1.d4 Nf6 2.c4 e6 3.Nf3 c5 4.d5 exd5 5.cxd5 d6 6.Nc3 g6 7.Nd2 Bg7 8.e4 O-O
9.Be2 Na6 10.O-O Ne8 11.Nc4 f5 12.Bf4 g5 13.Bd2 Nac7 14.exf5 Bxf5 15.Qc1 h6
16.h4 b5 17.Ne3 b4 18.Nb5 gxh4 19.Nxc7 Nxc7 20.Nxf5 Rxf5 21.Bg4 Rf6 22.Qc4 Qf8
23.Rae1 Qf7 24.Be6 Nxe6 25.dxe6 Qh5 26.Re3 Re8 27.Rfe1 Rg6 28.Qb5 Rg4 29.Qd7 Qg6
30.Kh1 Be5 31.R3e2 Bg7 32.f3 Rd4 33.b3 Rd5 34.f4 h5 35.Bc1 Bc3 36.Qf7+ Qxf7
37.exf7+ Kxf7 38.Rxe8 Bxe1 39.Rxe1 Kf6 40.Kh2 Rd3 41.Re2 Rd1 42.Be3 Kf5 43.Rc2 a5
44.Bf2 Kg4 45.f5 Kxf5 46.Bxh4 Rd3 47.Bd8 a4 48.bxa4 Ra3 49.Bc7 Ke6 50.a5 Kd7
51.Bb6 Kc6 52.Kg1 Kb5 53.Kf1 c4 54.Ke2 d5 55.Rd2 c3 56.Rxd5+ Ka6 57.Kd3 Rxa2
58.Kc4 Rd2 59.Rc5 c2 60.Kxb4 Rxg2 61.Rc7 Rg4+ 62.Kb3 Rg2 63.Kb2 h4 64.Rh7 Rh2
65.Bc7 Rh1 66.Kxc2 h3 67.Kb2 Kb7 68.Bb6+ Ka6 69.Rh5 Rh2+ 70.Kb3 Rh1 71.Bc7 Rc1
72.Bb6 Rh1 73.Rh6 Kb5 74.Bc7 Rc1 75.Rb6+ Kc5 76.Kb2 Rd1 77.Rb3 h2 78.Rc3+ Kb5
79.Rb3+ Kc5 80.Bxh2 Rd2+  1/2-1/2

[Event "HUN-chT29899"]
[Site "HUN"]
[Date "1999.??.??"]
[Round "?"]
[White "Szilagyi, Peter"]
[Black "Parkanyi, Attila"]
[Result "1-0"]
[WhiteElo "2400"]
[BlackElo "2390"]

1.d4 Nf6 2.Nf3 e6 3.c4 c5 4.d5 exd5 5.cxd5 d6 6.Nc3 g6 7.e4 Bg7 8.h3 O-O
9.Bd3 Re8 10.O-O a6 11.a4 c4 12.Bc2 Nbd7 13.Be3 Qc7 14.Qe2 Rb8 15.Rfc1 Nh5
16.a5 Ne5 17.Nd2 Qe7 18.Ra4 Qf6 19.Nxc4 Nxc4 20.Rxc4 Nf4 21.Qd2 Bh6 22.e5 dxe5
23.Ne4 Qh4 24.Ba4 Rd8 25.g3 Nxh3+ 26.Kf1 Bxe3 27.Qxe3 Qe7 28.Qh6 Kh8 29.Rc7 Qf8
30.Qxf8+ Rxf8 31.Kg2 Bf5 32.Nd6 Ng5 33.f4 exf4 34.gxf4 Ne4 35.Nxf7+ Kg8 36.Nh6+ Kh8
37.Rh1 Nf6 38.Nxf5 gxf5 39.d6 Rbd8 40.d7 Nd5 41.Rxb7 Nxf4+ 42.Kf3 Ne6 43.b4 f4
44.Re1 Ng5+ 45.Kf2 Kg7 46.Bc6 h5 47.b5 axb5 48.Rxb5 Kf6 49.a6 Ne6 50.Rb6 Nc7
51.a7 Kf7 52.Re8  1-0

[Event "HUN-chT9899"]
[Site "HUN"]
[Date "1999.??.??"]
[Round "?"]
[White "Nagy, Andras"]
[Black "Palkovi, Jozsef"]
[Result "1/2-1/2"]
[WhiteElo "2240"]
[BlackElo "2435"]

1.d4 Nf6 2.c4 e6 3.Nf3 c5 4.d5 exd5 5.cxd5 d6 6.Nc3 g6 7.h3 Bg7 8.e4 O-O
9.Bd3 Na6 10.O-O Nc7 11.Re1 Rb8 12.a4 a6 13.a5 Bd7 14.Bf4 Bb5 15.Bc2 b6 16.axb6 Rxb6
17.Be3 Nd7 18.Qd2 Re8 19.Rab1 a5 20.Bf4 Qb8 21.Nxb5 Nxb5 22.Qxa5 Qb7 23.Qd2 Nd4
24.Nxd4 Bxd4 25.b4 Ne5  1/2-1/2

[Event "HUN-chT29899"]
[Site "HUN"]
[Date "1999.??.??"]
[Round "?"]
[White "Pusztay, Bela"]
[Black "Juhasz, Bela"]
[Result "0-1"]
[WhiteElo "2130"]
[BlackElo "2220"]

1.d4 Nf6 2.Nf3 c5 3.d5 e6 4.c4 exd5 5.cxd5 d6 6.Nc3 g6 7.e4 Bg7 8.Bd3 a6
9.a4 Bg4 10.h3 Bxf3 11.Qxf3 Nbd7 12.Qe2 O-O 13.O-O Rc8 14.Bg5 Qc7 15.Rac1 Rfe8
16.Qd2 c4 17.Bc2 Nc5 18.Rfe1 Nfd7 19.Be3 Ne5 20.Bxc5 Qxc5 21.Kh1 b5 22.f4 Nd7
23.e5 dxe5 24.Ne4 Qb6 25.Qb4 exf4 26.Nd6 Rxe1+ 27.Rxe1 Rd8 28.Ne4 Nf6 29.Nxf6+ Bxf6
30.Be4 Qf2 31.axb5 axb5 32.Rd1 Qxb2 33.Qc5 Qe5 34.Bf3 Rb8 35.Qc6 c3 36.d6 b4
37.Qc7 Rf8 38.Bd5 Kg7 39.Bf3 b3 40.Rd5 Qe1+ 41.Kh2 c2  0-1

[Event "Godal mem"]
[Site "HUN"]
[Date "1999.??.??"]
[Round "9"]
[White "Varadi, Attila"]
[Black "Csendes, Sandor"]
[Result "1-0"]
[WhiteElo "2015"]
[BlackElo "1875"]

1.d4 Nf6 2.c4 e6 3.Nf3 c5 4.d5 exd5 5.cxd5 d6 6.Nc3 Bf5 7.Bg5 Be7 8.Nd2 Nxd5
9.Nxd5 Bxg5 10.e4 Bxd2+ 11.Qxd2 Be6 12.Bc4 O-O 13.O-O a6 14.a4 Nc6 15.f4 Nd4
16.f5 Bxd5 17.Bxd5 Rb8 18.Ra3 Qf6 19.g4 h6 20.Rg3 Qg5 21.Qf2 b5 22.Rg2 bxa4
23.h4 Qe7 24.g5 hxg5 25.hxg5 Qe5 26.g6 Nxf5 27.Qxf5 Qxf5 28.exf5 Rfd8 29.gxf7+ Kf8
30.Re1 Rb4 31.Rh2 Rg4+ 32.Kh1 g5 33.f6 Rh4 34.Rxh4 gxh4 35.Re4  1-0

[Event "RLP-chA"]
[Site "Kettig"]
[Date "1999.??.??"]
[Round "5"]
[White "Moeldner, Juergen"]
[Black "Schumacher, Olaf"]
[Result "0-1"]
[WhiteElo "2289"]
[BlackElo "2320"]

1.d4 Nf6 2.Nf3 c5 3.d5 e6 4.c4 exd5 5.cxd5 d6 6.Nc3 g6 7.Bg5 Bg7 8.e3 O-O
9.Nd2 Nbd7 10.Be2 a6 11.O-O b5 12.a4 b4 13.Nce4 h6 14.Bh4 g5 15.Bg3 Nxe4
16.Nxe4 f5 17.Bxd6 fxe4 18.Bxf8 Qxf8 19.d6 Bb7 20.f4 exf3 21.Bxf3 Bxf3 22.Rxf3 Qe8
23.Qd5+ Kh8 24.Raf1 Rd8 25.b3 Ne5 26.Rf6 Bxf6 27.Rxf6 Ng4 28.Re6 Qf7  0-1

[Event "Klatovy op-A"]
[Site "Klatovy"]
[Date "1999.??.??"]
[Round "4"]
[White "Civin, Tomas"]
[Black "Simacek, Pavel"]
[Result "1-0"]
[WhiteElo "2250"]
[BlackElo "2380"]

1.Nf3 Nf6 2.d4 c5 3.d5 e6 4.c4 exd5 5.cxd5 d6 6.Nc3 g6 7.g3 Bg7 8.Bg2 O-O
9.O-O a6 10.a4 Re8 11.Nd2 Nbd7 12.Nc4 Ne5 13.Na3 Bd7 14.h3 Nh5 15.f4 Nxg3
16.fxe5 Bxe5 17.Nc4 Bxc3 18.bxc3 Nxe2+ 19.Kh2 Qh4 20.Qd3 Bf5 21.Rxf5 gxf5
22.Nxd6 Re5 23.Bd2 f4 24.Rf1 Rd8 25.Ne4 f5 26.Qxe2 Rxe4 27.Bxe4 Qg3+ 28.Kh1 Qxh3+
29.Kg1 fxe4 30.Qxe4 Qg3+ 31.Qg2 Rxd5 32.Bxf4 Qxg2+ 33.Kxg2 b5 34.Bh6 Rd8
35.a5 b4 36.c4 b3 37.Rb1 Rb8 38.Bd2 Kf7 39.Kf3 Rd8 40.Be3 Rd3 41.Ke4 Rc3
42.Bxc5 Rxc4+ 43.Kd5 Ra4 44.Bb6 Rb4 45.Kc5 Rb5+ 46.Kc6 Ke6 47.Kb7 Kd5 48.Kxa6 Kc4
49.Kb7 Rb4 50.a6 Ra4 51.a7 Kc3 52.Bd4+ Kxd4 53.Rxb3 Ke5 54.Rb6  1-0

[Event "CZE-ch (Women)"]
[Site "Klatovy"]
[Date "1999.??.??"]
[Round "9"]
[White "Saljova, Silvie"]
[Black "Decka, Eliska"]
[Result "1-0"]
[WhiteElo "2212"]
[BlackElo "2106"]

1.d4 Nf6 2.Nf3 e6 3.c4 c5 4.d5 exd5 5.cxd5 d6 6.Nc3 g6 7.Bg5 Bg7 8.Nd2 h6
9.Bh4 O-O 10.e3 a6 11.a4 Nbd7 12.Be2 Re8 13.O-O Rb8 14.e4 Qc7 15.Kh1 c4 16.Bxc4 Nc5
17.f3 Nfd7 18.Be2 Ne5 19.Qc2 g5 20.Bf2 Bd7 21.Rfc1 Ng6 22.a5 Nf4 23.Bf1 b5
24.axb6 Rxb6 25.Rab1 Rc8 26.b4 Na4 27.Nxa4 Qb8 28.Qb3 Rxc1 29.Nxb6 Rxb1 30.Qxb1 Bb5
31.Qc2  1-0

[Event "Mancha Real-B 2nd"]
[Site "Mancha Real"]
[Date "1999.??.??"]
[Round "4"]
[White "Del Rey, Diego"]
[Black "Vera, Reynaldo"]
[Result "1/2-1/2"]
[WhiteElo "2365"]
[BlackElo "2535"]

1.d4 Nf6 2.c4 e6 3.Nf3 c5 4.d5 d6 5.Nc3 exd5 6.cxd5 g6 7.e4 a6 8.h3 b5 9.Bd3 Bg7
10.O-O O-O 11.Bf4  1/2-1/2

[Event "Mendrisio op"]
[Site "Mendrisio"]
[Date "1999.??.??"]
[Round "2"]
[White "Kelecevic, Nedeljko"]
[Black "Caldelari, Andrea"]
[Result "1-0"]
[WhiteElo "2425"]
[BlackElo "2129"]

1.d4 Nf6 2.c4 c5 3.d5 e6 4.Nc3 exd5 5.cxd5 d6 6.Nf3 g6 7.Nd2 Nbd7 8.e4 Bg7
9.Be2 O-O 10.O-O Re8 11.f4 Nb6 12.a4 Qe7 13.Bf3 Rb8 14.Kh1 Na8 15.Nc4 Nb6
16.Na3 Nbd7 17.Bd2 b6 18.Re1 Bb7 19.Nc4 Kh8 20.Nb5 Ba6 21.Ncxd6 Rf8 22.e5 Ng8
23.Nc4 Nh6 24.Ne3 g5 25.fxg5 Qxg5 26.Ng4 Nxg4 27.Bxg4 Qe7 28.d6 Qd8 29.Bc3 Bb7
30.Bf3 Qg5 31.Bxb7 Rxb7 32.Qd5 Rbb8 33.Nc7 Qg6 34.Re3 Rg8 35.Rf1 Rbf8 36.Qe4 Qh5
37.Qf5 Qxf5 38.Rxf5 c4 39.Re4 Nc5 40.Rxc4  1-0

[Event "Fide Mercenarios 39th"]
[Site "Mexico"]
[Date "1999.??.??"]
[Round "4"]
[White "Tey Carrera, Joaquin"]
[Black "Campos, Luis Fernando"]
[Result "0-1"]
[WhiteElo "2085"]
[BlackElo "2170"]

1.d4 Nf6 2.c4 e6 3.Nf3 c5 4.d5 exd5 5.cxd5 d6 6.Nc3 Bg4 7.e4 g6 8.h3 Bxf3
9.Qxf3 Nbd7 10.Bf4 a6 11.a4 Qe7 12.Be2 Bg7 13.Qg3 Nxe4 14.Nxe4 Qxe4 15.Bxd6 Be5
16.Bxe5 Nxe5 17.f4 Nd7 18.O-O O-O 19.Bf3 Qd4+ 20.Kh1 Rad8 21.Rfd1 Qf6 22.b3 Rfe8
23.Re1 Rxe1+ 24.Rxe1 b5 25.axb5 axb5 26.Qg5 c4 27.bxc4 bxc4 28.Qxf6 Nxf6
29.Rc1 Rc8 30.g4 Ne8 31.Kg2 Nd6 32.Kf2 Kf8 33.Ke3 Ke7 34.Be2 f6 35.Bd1 Nb7
36.Be2 Na5 37.Rb1 Kd6 38.Rb5 Rc5 39.Rxc5 Kxc5 40.d6 Kxd6 41.Kd4 g5 42.fxg5 fxg5
43.Bf1 Nb3+ 44.Kc3 Ke5 45.Bxc4 Nc5 46.Bf1 Kf4 47.Kd4 Ne4 48.Kd5 Nf6+ 49.Kd6 Nxg4
50.hxg4 Kxg4 51.Be2+ Kf4 52.Ke6 g4 53.Kf6 h5  0-1

[Event "Fide Mercenarios 39th"]
[Site "Mexico"]
[Date "1999.??.??"]
[Round "6"]
[White "De Winter, Willy"]
[Black "Campos, Luis Fernando"]
[Result "1/2-1/2"]
[WhiteElo "2140"]
[BlackElo "2170"]

1.d4 Nf6 2.c4 e6 3.Nf3 c5 4.d5 exd5 5.cxd5 d6 6.Nc3 g6 7.e4 Bg7 8.Bb5+ Nfd7
9.a4 O-O 10.Bf4 Qe7 11.O-O a6 12.Be2 Ne5 13.Nxe5 Bxe5 14.Bxe5 Qxe5 15.a5 f5
16.f4 Qd4+ 17.Kh1 fxe4 18.Qxd4 cxd4 19.Nxe4 Bf5 20.Nxd6 d3 21.Bf3 Rf6 22.Nxf5 gxf5
23.Rfd1 Nd7 24.Rxd3 Rc8 25.Rc3 Rb8 26.h3 Rd6 27.Re1 Kf7 28.Rce3 Nf6 29.Re5 Kg6
30.g4 fxg4 31.hxg4 Rbd8 32.Re6 Kf7 33.Rxd6 Rxd6 34.Re5 b6 35.b4 bxa5 36.bxa5 Nd7
37.Rh5 Kg7 38.Kg2 Nc5 39.Re5 Kf7 40.f5 Kf6 41.Kg3 Kxe5  1/2-1/2

[Event "Presov op"]
[Site "Presov"]
[Date "1999.??.??"]
[Round "6"]
[White "Vavrak, Peter"]
[Black "Virostko, Petr"]
[Result "1-0"]
[WhiteElo "2323"]
[BlackElo "2253"]

1.d4 Nf6 2.Nf3 c5 3.d5 e6 4.c4 exd5 5.cxd5 d6 6.Nc3 g6 7.g3 Bg7 8.Bg2 O-O
9.O-O a6 10.a4 Nbd7 11.e4 Rb8 12.a5 b5 13.axb6 Rxb6 14.Re1 Re8 15.Qc2 Rb4
16.Bf4 Qb6 17.Na4 Qb5 18.Bf1 Qb8 19.Bc4 Ng4 20.Bd2 Nde5 21.Nxe5 Nxe5 22.Bxb4 Qxb4
23.Be2 f5 24.Nc3 fxe4 25.Qa4 Qxa4 26.Rxa4 Nf7 27.Rxe4 Rxe4 28.Nxe4 Bxb2 29.Rb1 Bf5
30.Rxb2 Bxe4 31.Rd2 Ne5 32.f4 Nf3+ 33.Bxf3 Bxf3 34.Ra2 Kf7 35.Rxa6 Ke7 36.Ra7+ Ke8
37.Ra3 Bxd5 38.Rd3 Be4 39.Rxd6 Ke7 40.Ra6 h5 41.Kf2 Kd7 42.Ke3 Bf5 43.Kd2 Be6
44.Kc3 Ke7 45.Rc6 c4 46.Kd4 Kf6 47.Rb6 Kf5 48.Rc6 Bf7 49.Rc5+ Kg4 50.Ke5 Kh3
51.Kf6 Be8 52.Re5 Kxh2 53.Rxe8 Kxg3 54.Kxg6 h4 55.f5 h3 56.f6 h2 57.Re1 Kg2
58.f7 h1=Q 59.Rxh1  1-0

[Event "Santiago op"]
[Site "Santiago"]
[Date "1999.??.??"]
[Round "8"]
[White "Araya, Ricardo"]
[Black "Toloza, Pablo"]
[Result "1-0"]
[WhiteElo "2300"]
[BlackElo "2347"]

1.d4 Nf6 2.Nf3 e6 3.c4 c5 4.d5 exd5 5.cxd5 d6 6.Nc3 g6 7.h3 Bg7 8.Bg5 h6
9.Bf4 O-O 10.e3 a6 11.a4 Qe7 12.Bd3 Nbd7 13.O-O Rb8 14.Bh2 Ne8 15.Re1 Nc7
16.a5 b5 17.e4 Bb7 18.Bc2 Rbe8 19.e5 Nxe5 20.Nxe5 b4 21.Nd3 Qd8 22.Ne4 Bxd5
23.Ndxc5 dxc5 24.Bxc7 Qxc7 25.Qxd5 Bxb2 26.Rad1 c4 27.Ba4 Re6 28.Nc5 Rxe1+
29.Rxe1 Bc3 30.Rd1 Qxa5 31.Qxc4 Rc8 32.Bb3 Rc7 33.Qxa6 Qxc5 34.Qxg6+ Kf8
35.Qxh6+ Bg7 36.Qh4 Kg8 37.Rd8+ Bf8 38.Qg4+ Kh7 39.Bd5 Qc1+ 40.Kh2 Qh6 41.Be4+  1-0

[Event "Sportland-NRW-Cup"]
[Site "Senden"]
[Date "1999.??.??"]
[Round "1"]
[White "Diedam, Norbert"]
[Black "Volzhin, Alexander"]
[Result "0-1"]
[WhiteElo "2225"]
[BlackElo "2565"]

1.d4 Nf6 2.c4 e6 3.Nf3 c5 4.d5 d6 5.Nc3 exd5 6.cxd5 g6 7.Bf4 a6 8.a4 Bg7
9.e4 Bg4 10.Be2 Bxf3 11.Bxf3 Qe7 12.O-O O-O 13.Re1 Nbd7 14.h3 Ne8 15.Qd2 Nc7
16.Be2 Rfe8 17.Bf1 Rab8 18.Kh1 b5 19.axb5 axb5 20.Ra7 Rec8 21.Rxc7 Rxc7 22.Nxb5 Rxb5
23.Bxb5 Rb7 24.Bg5 Bf6 25.Bxf6 Nxf6 26.Bc6 Rb4 27.e5 dxe5 28.d6 Qd8 29.Rxe5 Rd4
30.Qc3 Rxd6 31.Rxc5 Rd1+ 32.Kh2 Rd3 33.Qe1 Rd1 34.Qb4 Qd6+ 35.g3 Rc1  0-1

[Event "Sevilla op"]
[Site "Sevilla"]
[Date "1999.??.??"]
[Round "2"]
[White "De Andres Gonalons, Fernando"]
[Black "Suba, Mihai"]
[Result "0-1"]
[WhiteElo "2115"]
[BlackElo "2550"]

1.d4 Nf6 2.c4 e6 3.Nf3 c5 4.d5 d6 5.Nc3 exd5 6.cxd5 g6 7.g3 Bg7 8.Bg2 O-O
9.O-O Na6 10.h3 Re8 11.Re1 Ne4 12.Nxe4 Rxe4 13.Nd2 Re8 14.a4 Nb4 15.Nc4 b6
16.Bf4 g5 17.Bd2 Ba6 18.Rc1 b5 19.Ne3 Bxb2 20.Rb1 Bg7 21.axb5 Bxb5 22.Bxb4 cxb4
23.Rxb4 Bd7 24.Qd3 a5 25.Rb7 Bc8 26.Rb3 a4 27.Ra3 Bd7 28.Rb1 Rb8 29.Be4 Rxb1+
30.Qxb1 Bd4 31.Bxh7+ Kf8 32.Nf5 Bxf5 33.Qxf5 Rxe2 34.Rf3 Qe7 35.Kg2 Kg7 36.Qd3 Bc5
37.Bf5 a3 38.Be6 Rb2 39.Qc3+ f6 40.Rf5 Kg6 41.Qd3 Qg7 42.h4 Kh6 43.Qc3 Kh7
44.Qd3 Qg6 45.Qc3 gxh4 46.Rf4 Qxg3+ 47.Qxg3 hxg3  0-1